Chile visto por Mensaje: 1971-1981. Selección de editoriales
Saved in:
| Format: | Bog |
|---|---|
| Sprog: | spansk |
| Udgivet: |
Santiago
Aconcagua
1981
|
| Serier: | Mensaje
|
| Fag: | |
| Tags: |
Tilføj Tag
Ingen Tags, Vær først til at tagge denne postø!
|
MARC
| LEADER | 00000nam a2200000 a 4500 | ||
|---|---|---|---|
| 001 | UCT8396 | ||
| 003 | CL-VaPUC | ||
| 008 | 970326e19810000CL |||||||||||||||||spa|d | ||
| 082 | 0 | 4 | |a 983.065 |b CHI |2 21 |
| 245 | 1 | 0 | |a Chile visto por Mensaje: 1971-1981. Selección de editoriales |
| 300 | |a 220 p | ||
| 942 | |c BK | ||
| 945 | |d 19970326 00:00:00 |a nastorga | ||
| 260 | |a Santiago |b Aconcagua |c 1981 | ||
| 650 | 0 | |a Historia |9 255047 | |
| 650 | 0 | |a Cobre |9 255767 | |
| 650 | 0 | |a Universidades |9 256317 | |
| 650 | 0 | |a Clases sociales |9 256858 | |
| 650 | 0 | |a Política |9 255312 | |
| 650 | 0 | |a Cristianismo |9 257361 | |
| 650 | 7 | |a ESCUELA |2 CL-VaPUC |9 347989 | |
| 650 | 7 | |a MILITARISMO |2 CL-VaPUC |9 321522 | |
| 650 | 0 | |a Civilización |9 255823 | |
| 650 | 0 | |a Consumo |9 333893 | |
| 650 | 0 | |a Libertad |9 255686 | |
| 650 | 0 | |a Comunicación social |9 334226 | |
| 651 | 7 | |a CHILE |2 CL-VaPUC |9 380126 | |
| 583 | |a last modification |c 19970326 00:00:00 |k Rodrigo Vera | ||
| 490 | 0 | |a Mensaje | |
| 999 | |c 256898 |d 256896 | ||
| 952 | |0 0 |1 0 |4 0 |6 983_065000000000000_CHI_1981 |7 0 |8 P |9 280015 |a BIBDER |b BIBDER |d 2019-11-19 |i 1846949 |o 983.065 CHI 1981 |p 1846949 |r 2023-01-25 |w 2019-11-19 |y BK |k DER | ||